000 00564nam a22001817a 4500
003 SISC
005 20160714102217.0
008 160714b xxu||||| |||| 00| 0 eng d
020 _a9789814716994
050 _aQA 76.73.J38
_b.M468 2016
100 _aMayfield, Blayne.
245 _aJava programming :
_bfrom problem analysis to program design lab manual /
_cBlayne Mayfield.
250 _a3rd edition.
260 _aSingapore :
_bCengage Learning,
_c2016.
300 _aix, 321 pages :
_billustrations ;
_c26 cm.
500 _aIncludes index.
942 _2lcc
_cBK
999 _c297712
_d297712